Word Ladder: Jack London Quiz Stats

 Plays Quiz Updated Oct 2, 2014

Challenge
Share
Tweet
Embed
Score 0/20 Timer 02:00
0 Plays Today
Hint 4-Letter Word % Correct
Where a prisoner is keptCELL
95.6%
Cure a wound or illnessHEAL
94.7%
Blue-greenTEAL
94.6%
Payment to ride in a taxiFARE
94.1%
A part of a ceramic floorTILE
94%
Discover after searchingFIND
92.8%
InfernoHELL
92.6%
Moving airWIND
92.3%
Rooters for a teamFANS
91.8%
These can be dorsal, pectoral, etc.FINS
90.7%
Hint 4-Letter Word % Correct
Glass plate in a windowPANE
90.6%
How a poker player knows you're bluffingTELL
89.4%
Rank-and-__FILE
88.9%
French equivalent of TVTÉLÉ
88.6%
Peel an applePARE
88.6%
Jack London story: 'To Build a __'*FIRE*
88.2%
Jack London novel: 'The __ of the [Last Rung]'*CALL*
85.4%
Jack London novel: 'White __'*FANG*
85.3%
You get this when you're hungryPANG
84%
Jack London novel: 'The [First Rung] of the __'*WILD*
81.3%

Today's Daily Dose

You're not logged in!

Compare scores with friends on all Sporcle quizzes.
Join for Free
OR
Log In

You Might Also Like...

Show Comments

Extras

Top Quizzes Today


Score Distribution

Your Account Isn't Verified!

In order to create a playlist on Sporcle, you need to verify the email address you used during registration. Go to your Sporcle Settings to finish the process.

Report this User

Report this user for behavior that violates our Community Guidelines.

Details: